000 00498nam a22001817a 4500
005 20140421151717.0
010 _aENG-109324
020 _a9789350450437
_c200.00
035 _aEN-92856
037 _bDBAD/PUB
082 _a881
100 _aShobhana Kumar
245 _aThe voices never stop /
_cby Shobana Kumar
260 _aKolkata
_bWriters Workshop
_c2012
270 _a162/92 Lake Gardens
_bKolkata
_e700045
300 _a107p.
_c22cm(Hb)
942 _2ddc
_cEN
_mSHO
_h881
999 _c82569
_d82569